Normal view MARC view

Entry Personal Name

Number of records used in: 1

001 - CONTROL NUMBER

  • control field: 247595

003 - CONTROL NUMBER IDENTIFIER

  • control field: OSt

005 - DATE AND TIME OF LATEST TRANSACTION

  • control field: 20251204125838.0

008 - FIXED-LENGTH DATA ELEMENTS

  • fixed length control field: 251204|| aca||aabn | a|a d

040 ## - CATALOGING SOURCE

  • Original cataloging agency: OSt
  • Transcribing agency: OSt

100 ## - HEADING--PERSONAL NAME

  • Personal name: MANORAMA EM BHAT
  • Dates associated with a name: ಮನೋರಮಾ ಎಂ ಭಟ್

670 ## - SOURCE DATA FOUND

  • Source citation: Work cat.: (OSt)213269: MANORAMA EM BHAT ಮನೋರಮಾ ಎಂ ಭಟ್, Nirdhara., 1997